Painting politics for Louis-Philippe : art and ideology in Orléanist France, 1830-1848 /

Bibliographic Details
Main Author: Marrinan, Michael
Format: Book
Language:English
Published: New Haven : Yale University Press, [1988]
Subjects:

MARC

Tag First Indicator Second Indicator Subfields
LEADER 00000cam a2200000 a 4500
001 in00000023854
005 20151007055539.0
008 870219s1988 ctuaf b 00110 eng
010 |a  87006120  
020 |a 0300038534 (alk. paper) 
035 |a (OCoLC)15283819 
035 |9 AAB8553AM 
040 |a DLC  |c DLC  |d TXA  |d UtOrBLW 
043 |a e-fr--- 
049 |a TXAM  |c [A11074734] 
050 0 0 |a ND547  |b .M27 1988 
082 0 |a 759.4  |2 19 
100 1 |a Marrinan, Michael. 
245 1 0 |a Painting politics for Louis-Philippe :  |b art and ideology in Orléanist France, 1830-1848 /  |c Michael Marrinan. 
264 1 |a New Haven :  |b Yale University Press,  |c [1988] 
264 4 |c ©1988 
300 |a xxiii, 310 pages, approximately 90 unnumbered pages of plates :  |b illustrations (some color) ;  |c 29 cm. 
336 |a text  |b txt  |2 rdacontent 
337 |a unmediated  |b n  |2 rdamedia 
338 |a volume  |b nc  |2 rdacarrier 
504 |a Bibliography: pages 283-302. 
500 |a Includes index. 
650 0 |a Painting, French. 
650 0 |a Painting, French  |y 19th century. 
650 0 |a Art and state  |z France. 
650 0 |a Politics in art. 
650 0 |a Art and society  |z France  |x History  |y 19th century. 
651 0 |a France  |x Cultural policy  |x History  |y 19th century. 
600 1 0 |a Louis Philippe,  |c King of the French,  |d 1773-1850. 
999 |a MARS 
999 f f |s 81ec8d34-8d26-367e-8c0b-dc3629332a30  |i 04177911-f71c-3656-8144-22fd09356283  |t 0 
952 f f |p normal  |a Texas A&M University  |b College Station  |c Sterling C. Evans Library  |d Evans: Library Stacks  |t 0  |e ND547 .M27 1988  |h Library of Congress classification  |i unmediated -- volume  |m A14811074734 
998 f f |a ND547 .M27 1988  |t 0  |l Evans: Library Stacks